000 00626cam a2200205 a 4500
001 545446
005 20240124063124.0
008 880204s1987 ce b 000 0 eng
040 _aDLC
_cDLC
_dDLC
082 0 0 _a305.8/009549/3
_219
245 0 0 _aFacets of ethnicity in Sri Lanka /
_cedited by Charles Abeysekera, Newton Gunasinghe.
260 _aColombo, Sri Lanka :
_bSocial Scientists Association,
_c1987.
300 _axii, 298 p. ;
500 _aContributed articles.
650 0 _aEthnicity
650 0 _aTamil (Indic people)
700 1 _aAbeysekera, Charles.
_eedt
700 1 _aGunasinghe, Newton.
_eedt
942 _cL
999 _c197
_d197